[Event "Hilton Open 2011"]
[Site "Basel"]
[Date "2011.01.05"]
[Round "7"]
[White "Bacrot, Nathalie"]
[Black "Arounopoulos, Stephan"]
[Result "0-1"]
[WhiteElo "2114"]
[BlackElo "2085"]
[PlyCount "63"]
[EventDate "2011.01.??"]
[EventType "swiss"]
[EventRounds "7"]
[EventCategory "1"]
[SourceDate "2011.01.02"]

1. Nf3 Nf6 2. g3 g6 3. Bg2 Bg7 4. O-O d6 5. c4 O-O 6. Nc3 e5 7. d4 Nc6 8. d5
Ne7 9. e4 Ne8 10. Nh4 h6 11. Be3 g5 12. Nf3 f5 13. exf5 Nxf5 14. Nd2 Nf6 15.
Nde4 Nxe4 16. Bxe4 a6 17. Qd3 Qe7 18. Rad1 Bd7 19. b4 Rae8 20. Rde1 Kh8 21. Bg2
Qf7 22. Ne2 Re7 23. Rd1 Qh5 24. Nc3 Nd4 25. f4 Bg4 26. Rde1 Nf3+ 27. Bxf3 Bxf3
28. Bd2 g4 29. Re3 Rfe8 30. Rexf3 gxf3 31. Rxf3 e4 32. Nxe4 0-1

[Event "Hilton Open 2011"]
[Site "Basel"]
[Date "2011.01.05"]
[Round "7"]
[White "Stojanovic, Mihajlo"]
[Black "Filipovic, Branko"]
[Result "1-0"]
[WhiteElo "2572"]
[BlackElo "2413"]
[PlyCount "119"]
[EventDate "2011.01.??"]
[EventType "swiss"]
[EventRounds "7"]
[EventCategory "1"]
[SourceDate "2011.01.02"]

1. d4 b6 2. e4 Bb7 3. Bd3 Nf6 4. Qe2 e6 5. Nf3 d5 6. e5 Nfd7 7. Ng5 Qe7 8. Nxh7
c5 9. Nxf8 Kxf8 10. dxc5 Nxc5 11. Nd2 Nxd3+ 12. cxd3 Nc6 13. Nf3 Qb4+ 14. Qd2
Qg4 15. O-O d4 16. Qg5 Qh5 17. Bd2 Rd8 18. a3 Rd5 19. Rfe1 Qxg5 20. Bxg5 Rh5
21. h4 Ke8 22. Re4 a5 23. Rc1 Kd7 24. Rf4 Ke8 25. Rc4 b5 26. Rc1 Rh8 27. Re1
Rf8 28. h5 Rh8 29. Rh4 Rc5 30. Rc1 Rxc1+ 31. Bxc1 Ke7 32. Bd2 f6 33. exf6+ gxf6
34. Nxd4 Nxd4 35. Rxd4 Rxh5 36. Bxa5 Bd5 37. f3 Kd6 38. Bc3 f5 39. a4 bxa4 40.
Rxa4 Rh7 41. Ra1 Kc6 42. Kf2 Rh6 43. Be5 Rh7 44. Rc1+ Kb7 45. Ke3 Rh4 46. Rg1
Rh6 47. g4 fxg4 48. fxg4 Bc6 49. g5 Rg6 50. Kf4 Be8 51. Rc1 Bc6 52. Bf6 Rg8 53.
Ke5 Be8 54. Kxe6 Bg6 55. d4 Re8+ 56. Be7 Ra8 57. d5 Ra4 58. d6 Be8 59. d7 Re4+
60. Kf5 1-0

[Event "Hilton Open 2011"]
[Site "Basel"]
[Date "2011.01.05"]
[Round "7"]
[White "Haener, Philippe"]
[Black "Clausen, Martin"]
[Result "1/2-1/2"]
[WhiteElo "2180"]
[BlackElo "2082"]
[PlyCount "86"]
[EventDate "2011.01.??"]
[EventType "swiss"]
[EventRounds "7"]
[EventCategory "1"]
[SourceDate "2011.01.02"]

1. e4 d5 2. exd5 Nf6 3. d4 Bg4 4. Nf3 Qxd5 5. Be2 e6 6. O-O Be7 7. c4 Qd8 8.
Qb3 Qc8 9. Nc3 O-O 10. Be3 c6 11. Rac1 Nbd7 12. h3 Bh5 13. Rfd1 b6 14. Qa4 Qb7
15. Rd2 Rac8 16. Bf4 Rfd8 17. Rcd1 Bf8 18. b4 Nb8 19. Qb3 h6 20. a4 a6 21. Be3
Be7 22. Kf1 Bf8 23. Kg1 Be7 24. Ne5 Bxe2 25. Rxe2 b5 26. axb5 axb5 27. c5 Nbd7
28. Nf3 Ra8 29. Ra2 Rxa2 30. Qxa2 Ra8 31. Qb2 Qa6 32. Rb1 Bd8 33. Ne1 Nf8 34.
Nc2 Bc7 35. Ra1 Qc8 36. Ra3 Nd5 37. Nxd5 exd5 38. Ne1 Rxa3 39. Qxa3 Ne6 40. Qa7
Bb8 41. Qb6 Bc7 42. Qa7 Bb8 43. Qb6 Bc7 1/2-1/2

[Event "Hilton Open 2011"]
[Site "Basel"]
[Date "2011.01.05"]
[Round "7"]
[White "Pelletier, Yannick"]
[Black "Korneev, Oleg"]
[Result "1/2-1/2"]
[WhiteElo "2586"]
[BlackElo "2576"]
[PlyCount "38"]
[EventDate "2011.01.??"]
[EventType "swiss"]
[EventRounds "7"]
[EventCategory "1"]
[SourceDate "2011.01.02"]

1. d4 Nf6 2. c4 g6 3. Nc3 Bg7 4. e4 d6 5. Nf3 O-O 6. Be2 Bg4 7. Bg5 Nc6 8. d5
Nb8 9. O-O Nfd7 10. Rc1 a5 11. h3 Bxf3 12. Bxf3 Na6 13. Re1 Nac5 14. b3 c6 15.
Be3 Qb6 16. Qc2 Qb4 17. Bd2 Qb6 18. Be3 Qb4 19. Bd2 Qb6 1/2-1/2

[Event "Hilton Open 2011"]
[Site "Basel"]
[Date "2011.01.05"]
[Round "7"]
[White "Mirzoev, Azer"]
[Black "Heimann, Andreas"]
[Result "1/2-1/2"]
[WhiteElo "2563"]
[BlackElo "2476"]
[PlyCount "46"]
[EventDate "2011.01.??"]
[EventType "swiss"]
[EventRounds "7"]
[EventCategory "1"]
[SourceDate "2011.01.02"]

1. d4 Nf6 2. Nf3 g6 3. Nbd2 d5 4. e3 Bg7 5. c4 c6 6. b4 O-O 7. Bb2 Bg4 8. Be2
Nbd7 9. h3 Bxf3 10. Nxf3 a5 11. a3 axb4 12. axb4 Qb6 13. Qb3 Rxa1+ 14. Bxa1 Ra8
15. O-O Qa6 16. b5 Qa2 17. Qxa2 Rxa2 18. bxc6 bxc6 19. Bd3 Ne4 20. cxd5 cxd5
21. Bxe4 dxe4 22. Ng5 Nf6 23. d5 Nxd5 1/2-1/2

[Event "Hilton Open 2011"]
[Site "Basel"]
[Date "2011.01.05"]
[Round "7"]
[White "Kelecevic, Nedeljko"]
[Black "Ibrahimov, Rasul"]
[Result "1/2-1/2"]
[WhiteElo "2281"]
[BlackElo "2538"]
[PlyCount "48"]
[EventDate "2011.01.??"]
[EventType "swiss"]
[EventRounds "7"]
[EventCategory "1"]
[SourceDate "2011.01.02"]

1. d4 Nf6 2. c4 e6 3. Nc3 Bb4 4. Qc2 O-O 5. a3 Bxc3+ 6. Qxc3 d6 7. Bg5 Nbd7 8.
Nf3 b6 9. e3 Ba6 10. b4 c5 11. dxc5 bxc5 12. Bxf6 Nxf6 13. Be2 d5 14. O-O cxb4
15. axb4 Bxc4 16. Bxc4 Rc8 17. Rxa7 dxc4 18. Rb1 Nd5 19. Qc2 Qb6 20. Ra4 c3 21.
b5 Rc5 22. Ra6 Qb7 23. Nd4 e5 24. Rc6 Rc8 1/2-1/2

[Event "Hilton Open 2011"]
[Site "Basel"]
[Date "2011.01.05"]
[Round "7"]
[White "Milosevic, Goran"]
[Black "Meyer, Bernhard"]
[Result "1-0"]
[WhiteElo "2357"]
[BlackElo "2133"]
[PlyCount "51"]
[EventDate "2011.01.??"]
[EventType "swiss"]
[EventRounds "7"]
[EventCategory "1"]
[SourceDate "2011.01.02"]

1. e4 d6 2. d4 Nf6 3. Nc3 e5 4. Nf3 Nbd7 5. Bc4 Be7 6. O-O O-O 7. a4 c6 8. a5
Qc7 9. Re1 Re8 10. h3 Bf8 11. Bg5 h6 12. Bh4 Rb8 13. d5 g5 14. Bg3 b5 15. axb6
Nxb6 16. Bb3 cxd5 17. exd5 Bd7 18. Qd3 Bg7 19. Nd2 Nh5 20. Bh2 f5 21. Nb5 Qc5
22. Nxa7 e4 23. Qe2 Nf4 24. Bxf4 gxf4 25. Nc6 Rbc8 26. Ra5 1-0

[Event "Hilton Open 2011"]
[Site "Basel"]
[Date "2011.01.05"]
[Round "7"]
[White "Battaglini, Gabriel"]
[Black "Scherer, Max"]
[Result "0-1"]
[WhiteElo "2437"]
[BlackElo "2252"]
[PlyCount "64"]
[EventDate "2011.01.??"]
[EventType "swiss"]
[EventRounds "7"]
[EventCategory "1"]
[SourceDate "2011.01.02"]

1. d4 e6 2. e4 b6 3. Nf3 Bb7 4. Bd3 c5 5. c3 Nf6 6. Qe2 d5 7. e5 Nfd7 8. O-O
Be7 9. a3 a5 10. a4 Nc6 11. Na3 O-O 12. Nb5 cxd4 13. cxd4 Nb4 14. Bb1 Re8 15.
Ra3 Nf8 16. h4 Ba6 17. Bg5 Ra7 18. Qd2 Bxg5 19. hxg5 Bxb5 20. axb5 Ng6 21. Nh2
Rc7 22. Rc3 Qd7 23. Ng4 Rec8 24. Nf6+ gxf6 25. gxf6 Kf8 26. Qh6+ Ke8 27. Qxh7
Nf8 28. Qg8 Rxc3 29. bxc3 Rxc3 30. g4 Qxb5 31. g5 Qe2 32. f3 Nd3 0-1

[Event "Hilton Open 2011"]
[Site "Basel"]
[Date "2011.01.05"]
[Round "7"]
[White "Zozulia, Anna"]
[Black "Liepold, Stefan"]
[Result "1-0"]
[WhiteElo "2347"]
[BlackElo "2254"]
[PlyCount "57"]
[EventDate "2011.01.??"]
[EventType "swiss"]
[EventRounds "7"]
[EventCategory "1"]
[SourceDate "2011.01.02"]

1. e4 c5 2. Nf3 d6 3. c3 Nf6 4. Be2 Bd7 5. d3 Nc6 6. O-O g6 7. h3 Bg7 8. Re1
O-O 9. Bf1 Rc8 10. d4 cxd4 11. cxd4 d5 12. e5 Ne4 13. Qb3 Bf5 14. Qxb7 Qa5 15.
Qb5 Qxb5 16. Bxb5 Nb4 17. Na3 a6 18. Bf1 f6 19. exf6 Rxf6 20. Ne5 Rc2 21. Nxc2
Nxc2 22. Be3 Rb6 23. b3 Nxa1 24. Rxa1 Nc3 25. a3 Rxb3 26. Bxa6 Bb1 27. a4 e6
28. a5 Bf8 29. Bc8 1-0

[Event "Hilton Open 2011"]
[Site "Basel"]
[Date "2011.01.05"]
[Round "7"]
[White "Senn, Roland"]
[Black "Graeber, Fabien"]
[Result "1-0"]
[WhiteElo "2068"]
[BlackElo "2086"]
[PlyCount "67"]
[EventDate "2011.01.??"]
[EventType "swiss"]
[EventRounds "7"]
[EventCategory "1"]
[SourceDate "2011.01.02"]

1. d4 d5 2. c4 c6 3. cxd5 cxd5 4. Bf4 Nc6 5. e3 Nf6 6. Nc3 g6 7. Nf3 Nh5 8. Bg5
h6 9. Bh4 g5 10. Nd2 Nf6 11. Bg3 Bg7 12. Bb5 O-O 13. O-O Bd7 14. Rc1 a6 15. Bd3
Rc8 16. Nb3 Nb4 17. Bb1 a5 18. Nc5 Bc6 19. a3 Na6 20. Nd3 Ne4 21. Ne5 Nxc3 22.
Rxc3 Bb5 23. Qc2 f5 24. Rxc8 Qxc8 25. Qxc8 Rxc8 26. Bxf5 Rd8 27. Rc1 Bf6 28.
Nf3 Bc6 29. Nd2 a4 30. Nb1 Nb8 31. Nc3 Nd7 32. Be6+ Kg7 33. Bxd5 Rc8 34. Nxa4
1-0

[Event "Hilton Open 2011"]
[Site "Basel"]
[Date "2011.01.05"]
[Round "7"]
[White "Gervasoni, Pietro"]
[Black "Huseyn, Orkhan"]
[Result "0-1"]
[WhiteElo "1980"]
[BlackElo "2094"]
[PlyCount "68"]
[EventDate "2011.01.??"]
[EventType "swiss"]
[EventRounds "7"]
[EventCategory "1"]
[SourceDate "2011.01.02"]

1. e4 c5 2. c3 g6 3. Nf3 Bg7 4. Bc4 e6 5. O-O Ne7 6. d4 cxd4 7. cxd4 d5 8. exd5
Nxd5 9. Qb3 O-O 10. Bxd5 Qxd5 11. Qxd5 exd5 12. Nc3 Be6 13. Be3 Nc6 14. Rac1
Rac8 15. h3 h6 16. Rfd1 g5 17. Ne1 f5 18. f3 Na5 19. Nd3 Nc4 20. Bf2 f4 21. Kf1
b6 22. b3 Ne3+ 23. Bxe3 fxe3 24. Nb4 Rfd8 25. Ne2 Re8 26. Ke1 a5 27. Nd3 Bf5
28. Rxc8 Rxc8 29. Rc1 Rxc1+ 30. Ndxc1 Kf7 31. Nc3 Ke6 32. N1e2 Bf8 33. Nd1 Bb4+
34. Nec3 Bd3 0-1

[Event "Hilton Open 2011"]
[Site "Basel"]
[Date "2011.01.05"]
[Round "7"]
[White "Braeunlin, Klaus"]
[Black "Paul, Mathias"]
[Result "1-0"]
[WhiteElo "2100"]
[BlackElo "2065"]
[PlyCount "103"]
[EventDate "2011.01.??"]
[EventType "swiss"]
[EventRounds "7"]
[EventCategory "1"]
[SourceDate "2011.01.02"]

1. e4 c5 2. Nf3 e6 3. b3 b6 4. Bd3 Bb7 5. O-O d6 6. Re1 Nc6 7. Bf1 Be7 8. c3
Nf6 9. d4 Qc7 10. Bb2 O-O 11. d5 Nd8 12. c4 e5 13. Nc3 g6 14. Nb5 Qd7 15. Nxe5
dxe5 16. d6 Nxe4 17. dxe7 Qxe7 18. f3 a6 19. Na3 Ng5 20. Bxe5 Re8 21. Bc7 Nde6
22. Bxb6 Qf6 23. h4 Nxf3+ 24. gxf3 Nd4 25. Bg2 Qxb6 26. Nc2 Rxe1+ 27. Nxe1 Rd8
28. Nd3 Qf6 29. Qf1 Nxf3+ 30. Bxf3 Bxf3 31. Re1 Qd4+ 32. Nf2 Qxh4 33. Qh3 Qg5+
34. Kf1 Bb7 35. Qg4 Qd2 36. Qe2 h5 37. Qe7 Bf3 38. Qf6 Ba8 39. Rd1 Qxd1+ 40.
Nxd1 Rxd1+ 41. Ke2 Rd4 42. Qxa6 Bg2 43. Qc8+ Kg7 44. Qxc5 Rg4 45. Kf2 Be4 46.
Qe5+ Kg8 47. c5 h4 48. Qe8+ Kg7 49. c6 Rg2+ 50. Kf1 Bxc6 51. Qxc6 Rxa2 52. b4
1-0

[Event "Hilton Open 2011"]
[Site "Basel"]
[Date "2011.01.05"]
[Round "7"]
[White "Alfred, Nathan"]
[Black "Heinis, Vincent"]
[Result "1/2-1/2"]
[WhiteElo "2268"]
[BlackElo "2097"]
[PlyCount "57"]
[EventDate "2011.01.??"]
[EventType "swiss"]
[EventRounds "7"]
[EventCategory "1"]
[SourceDate "2011.01.02"]

1. d4 Nf6 2. Nf3 e6 3. c4 Bb4+ 4. Bd2 Qe7 5. g3 Nc6 6. Bg2 Bxd2+ 7. Nbxd2 O-O
8. O-O d6 9. e4 a5 10. d5 Ne5 11. Nxe5 dxe5 12. Rc1 Nd7 13. Qc2 Nc5 14. Nb3 Na6
15. c5 exd5 16. exd5 Nb4 17. Qd2 Bf5 18. d6 Qe6 19. Bxb7 Ra7 20. Nxa5 Nd3 21.
Bg2 cxd6 22. Nc6 Rd7 23. cxd6 Rxd6 24. Qg5 Re8 25. Rc3 e4 26. Na5 h6 27. Qe3
Nxb2 28. Nb3 Nd1 29. Qc1 1/2-1/2

[Event "Hilton Open 2011"]
[Site "Basel"]
[Date "2011.01.05"]
[Round "7"]
[White "Melkumjanz, Nikolay"]
[Black "Bjerke, Silje"]
[Result "1/2-1/2"]
[WhiteElo "2260"]
[BlackElo "2186"]
[PlyCount "100"]
[EventDate "2011.01.??"]
[EventType "swiss"]
[EventRounds "7"]
[EventCategory "1"]
[SourceDate "2011.01.02"]

1. c4 Nf6 2. Nc3 d5 3. d4 g6 4. Nf3 Bg7 5. e3 O-O 6. b4 b6 7. Ba3 Bb7 8. c5 Ne4
9. Bb2 Nd7 10. Qc2 Nxc3 11. Qxc3 c6 12. Be2 Re8 13. Ne5 f6 14. Nf3 e5 15. cxb6
e4 16. Nd2 axb6 17. a4 f5 18. g3 g5 19. a5 bxa5 20. bxa5 Qc8 21. h4 f4 22. gxf4
gxf4 23. exf4 Ba6 24. Rg1 Bxe2 25. Kxe2 Qa6+ 26. Kd1 Re7 27. Nb3 Rae8 28. Nc5
Qa7 29. Qe3 Kh8 30. Bc3 Nxc5 31. dxc5 d4 32. Rxg7 Kxg7 33. Qxd4+ Kf7 34. Qf6+
Kg8 35. Kc2 Rg7 36. Qxg7+ Qxg7 37. Bxg7 Kxg7 38. a6 Ra8 39. Kd2 Kf6 40. Ke3 Kf5
41. f3 exf3 42. Kxf3 Ra7 43. Ra4 h5 44. Ra3 Kf6 45. Ra2 Kf5 46. Ra4 Kf6 47. Ke4
Ke6 48. Ra5 Kf6 49. f5 Rg7 50. a7 Rxa7 1/2-1/2

[Event "Hilton Open 2011"]
[Site "Basel"]
[Date "2011.01.05"]
[Round "7"]
[White "Wirz, Heinz"]
[Black "Lutz, Bernhard"]
[Result "1/2-1/2"]
[WhiteElo "2131"]
[BlackElo "2292"]
[PlyCount "120"]
[EventDate "2011.01.??"]
[EventType "swiss"]
[EventRounds "7"]
[EventCategory "1"]
[SourceDate "2011.01.02"]

1. d4 Nf6 2. c4 e6 3. Nf3 b6 4. g3 Bb7 5. Bg2 Be7 6. O-O O-O 7. Nc3 Ne4 8. Qc2
Nxc3 9. Qxc3 c5 10. b3 Bf6 11. Bb2 Nc6 12. Qd2 d6 13. Rad1 Qe7 14. dxc5 Bxb2
15. Qxb2 dxc5 16. Rd2 Rad8 17. Rfd1 f6 18. Bh3 Bc8 19. Qc3 Rxd2 20. Rxd2 Rd8
21. Qe3 Rxd2 22. Qxd2 Qd7 23. Qe3 Qd1+ 24. Kg2 Qd6 25. Qe4 Bd7 26. Kg1 Qd1+ 27.
Kg2 Qd6 28. Kg1 f5 29. Qe3 Qd1+ 30. Kg2 Nd4 31. Nxd4 Qxd4 32. Qxd4 cxd4 33. f4
Bc6+ 34. Kf2 Be4 35. b4 Kf7 36. e3 Bb1 37. a3 Ba2 38. Bf1 dxe3+ 39. Kxe3 Ke7
40. Bd3 Kd6 41. Kd4 Bb3 42. Be2 Ba2 43. Bf3 Bb3 44. c5+ bxc5+ 45. bxc5+ Kd7 46.
Ke5 Bc4 47. Bd1 Ke7 48. Bc2 Kd7 49. Ba4+ Kc7 50. h3 a5 51. Be8 Bb3 52. g4 fxg4
53. hxg4 Bd1 54. g5 Bg4 55. c6 h5 56. gxh6 gxh6 57. Kf6 Kd6 58. Kg6 h5 59. Kg5
Bf3 60. Bxh5 Bxc6 1/2-1/2

[Event "Hilton Open 2011"]
[Site "Basel"]
[Date "2011.01.02"]
[Round "3"]
[White "Scherer, Max"]
[Black "Arounopoulos, Stephan"]
[Result "1-0"]
[WhiteElo "2252"]
[BlackElo "2085"]
[PlyCount "63"]
[EventDate "2011.01.??"]
[EventType "swiss"]
[EventRounds "7"]
[EventCategory "1"]
[SourceDate "2011.01.02"]

1. c4 Nf6 2. g3 g6 3. Bg2 Bg7 4. Nc3 d6 5. b4 e5 6. Ba3 Nc6 7. Nf3 O-O 8. Rc1
Be6 9. d3 h6 10. h3 Nh5 11. e3 a6 12. g4 Nf6 13. Nd2 Nh7 14. Nd5 f5 15. gxf5
Bxf5 16. Ne4 Ng5 17. Ng3 Qd7 18. Nxf5 gxf5 19. h4 Ne6 20. Qh5 Qf7 21. Qxf7+
Rxf7 22. Rc2 Kh8 23. Bb2 Rg8 24. Bh3 Ncd8 25. c5 dxc5 26. bxc5 c6 27. Nb6 Nc7
28. Nc8 Ne8 29. Rg1 Bf6 30. Rxg8+ Kxg8 31. h5 Bg7 32. Bxf5 1-0

[Event "Hilton Open 2011"]
[Site "Basel"]
[Date "2011.01.02"]
[Round "3"]
[White "Suter, Stephan"]
[Black "Bjerke, Silje"]
[Result "0-1"]
[WhiteElo "2052"]
[BlackElo "2186"]
[PlyCount "88"]
[EventDate "2011.01.??"]
[EventType "swiss"]
[EventRounds "7"]
[EventCategory "1"]
[SourceDate "2011.01.02"]

1. Nf3 Nf6 2. c4 g6 3. Nc3 d5 4. cxd5 Nxd5 5. Qc2 Nc6 6. a3 Bg7 7. e3 O-O 8.
Nxd5 Qxd5 9. Bc4 Qd6 10. d4 Bf5 11. Qa4 e5 12. d5 Ne7 13. Qb3 a6 14. Nd2 b5 15.
Be2 e4 16. g4 Bd7 17. Nxe4 Qxd5 18. Qxd5 Nxd5 19. Nc5 Bc6 20. O-O Rfe8 21. Bf3
a5 22. a4 b4 23. Kg2 Ne7 24. Ra2 Bxf3+ 25. Kxf3 Nc6 26. b3 Rad8 27. h3 Rd5 28.
Rc2 Bc3 29. Ne4 Rd3 30. Rxc3 bxc3 31. Nf6+ Kf8 32. Nxe8 Kxe8 33. Ke2 Rd8 34.
Rd1 Rb8 35. Rd3 Rxb3 36. Bd2 Rb2 37. Rxc3 Kd7 38. Rc4 Ra2 39. Rf4 Ne5 40. Rd4+
Ke6 41. g5 c5 42. Re4 Kd5 43. Rxe5+ Kxe5 44. Kd3 c4+ 0-1

[Event "Hilton Open 2011"]
[Site "Basel"]
[Date "2011.01.02"]
[Round "3"]
[White "Senn, Roland"]
[Black "Grandadam, Nicolas"]
[Result "0-1"]
[WhiteElo "2068"]
[BlackElo "2286"]
[PlyCount "92"]
[EventDate "2011.01.??"]
[EventType "swiss"]
[EventRounds "7"]
[EventCategory "1"]
[SourceDate "2011.01.02"]

1. c4 e6 2. Nc3 d5 3. d4 c6 4. cxd5 exd5 5. Qc2 Bd6 6. Nf3 Ne7 7. Bg5 f6 8. Bh4
Bf5 9. Qb3 Nd7 10. e3 Qb6 11. Nd2 O-O 12. Be2 Bg6 13. Bg3 Nf5 14. Bxd6 Nxd6 15.
Qa3 Nf5 16. O-O Qd8 17. Rac1 a6 18. Na4 Re8 19. Nc5 Nxd4 20. Bf3 Nxc5 21. Qxc5
Ne6 22. Qc3 Qb6 23. Nb3 Rac8 24. Rfd1 Ng5 25. Be2 Ne4 26. Qa5 Qa7 27. Bf3 b6
28. Qa4 Qb7 29. Be2 a5 30. Bf3 Ng5 31. Qf4 Nxf3+ 32. Qxf3 Be4 33. Qf4 c5 34. f3
Bg6 35. Rd2 Bf7 36. Rcd1 Qe7 37. Re2 d4 38. Nc1 dxe3 39. Rde1 Qd7 40. Rxe3 Rxe3
41. Qxe3 Re8 42. Qf2 Rxe1+ 43. Qxe1 Qd4+ 44. Qf2 Qd1+ 45. Qf1 Qd2 46. b3 b5 0-1

[Event "Hilton Open 2011"]
[Site "Basel"]
[Date "2011.01.02"]
[Round "3"]
[White "Milosevic, Goran"]
[Black "Huseyn, Orkhan"]
[Result "1-0"]
[WhiteElo "2357"]
[BlackElo "2094"]
[PlyCount "121"]
[EventDate "2011.01.??"]
[EventType "swiss"]
[EventRounds "7"]
[EventCategory "1"]
[SourceDate "2011.01.02"]

1. e4 c5 2. Nf3 d6 3. d4 cxd4 4. Nxd4 Nf6 5. Nc3 g6 6. g3 Bg7 7. Bg2 O-O 8. O-O
Nc6 9. Nb3 Bg4 10. f3 Be6 11. Nd5 Ne5 12. Ne3 Qc8 13. c3 Rd8 14. Nd5 Bxd5 15.
exd5 Nc4 16. Re1 Re8 17. f4 a5 18. a4 Qc7 19. Bf3 Rab8 20. Nd4 Qc5 21. Kh1 Nb6
22. Nb3 Qc7 23. Qd3 Qd7 24. Nxa5 Nxa4 25. Qc2 Nc5 26. Be3 Qc7 27. Bd4 Ncd7 28.
b4 Nh5 29. Bxg7 Nxg7 30. c4 Rbc8 31. Rec1 Qb6 32. Qd2 Nf6 33. Rab1 Qa7 34. Nb3
Red8 35. Nd4 e6 36. dxe6 fxe6 37. Nb5 Qb8 38. Ra1 d5 39. Qd4 Kf7 40. c5 Nf5 41.
Qe5 h5 42. Ra7 Nd7 43. Qxb8 Rxb8 44. Be2 Kf6 45. Bd3 e5 46. Bxf5 gxf5 47. fxe5+
Nxe5 48. Nd6 d4 49. b5 d3 50. Nxb7 d2 51. Rd1 Ng4 52. Nxd8 Nf2+ 53. Kg1 Nxd1
54. Rf7+ Kg6 55. Rd7 Rxb5 56. Rd6+ Kg5 57. Rxd2 Ne3 58. c6 Rb1+ 59. Kf2 Ng4+
60. Kg2 Rc1 61. c7 1-0

[Event "Hilton Open 2011"]
[Site "Basel"]
[Date "2011.01.02"]
[Round "3"]
[White "Melkumjanz, Nikolay"]
[Black "Heinis, Vincent"]
[Result "1-0"]
[WhiteElo "2260"]
[BlackElo "2097"]
[PlyCount "117"]
[EventDate "2011.01.??"]
[EventType "swiss"]
[EventRounds "7"]
[EventCategory "1"]
[SourceDate "2011.01.02"]

1. c4 g6 2. Nc3 Bg7 3. g3 c5 4. Bg2 Nc6 5. f4 b6 6. Nf3 Bb7 7. O-O d6 8. d3 Qd7
9. a3 Bxc3 10. bxc3 f5 11. e4 O-O-O 12. exf5 gxf5 13. Ng5 Rf8 14. Bd5 Nd8 15.
Re1 Nf6 16. Bxb7+ Qxb7 17. Qf3 Nc6 18. a4 h6 19. Ne6 Rfg8 20. Be3 Na5 21. Qxb7+
Kxb7 22. Bf2 Kc6 23. Ra2 Rg6 24. Rae2 Re8 25. Kg2 Nd7 26. Kh3 Nb8 27. Kh4 Rg4+
28. Kh3 Rg6 29. Kg2 Kd7 30. Kf3 Nbc6 31. h3 Reg8 32. h4 Rf6 33. h5 Rg4 34. d4
Nxc4 35. d5 Nd8 36. Nxd8 Kxd8 37. a5 Rg7 38. axb6 Nxb6 39. Rd1 Kc7 40. Ra2 Kb7
41. Rda1 Nc8 42. c4 e6 43. Ra6 Kb8 44. Be1 exd5 45. cxd5 Rb7 46. R6a3 Nb6 47.
Rd1 Rf8 48. Re3 Rh7 49. Re6 Kc7 50. Ra1 Ra8 51. Ba5 Rd8 52. Rf6 Rdd7 53. Rxf5
Kb7 54. g4 Nc8 55. Rf8 Nb6 56. Rb1 Ka6 57. Bxb6 axb6 58. Rb8 Rb7 59. Ra8+ 1-0

[Event "Hilton Open 2011"]
[Site "Basel"]
[Date "2011.01.02"]
[Round "3"]
[White "Braeunlin, Klaus"]
[Black "Vatter, Hans Joachim"]
[Result "1/2-1/2"]
[WhiteElo "2100"]
[BlackElo "2324"]
[PlyCount "140"]
[EventDate "2011.01.??"]
[EventType "swiss"]
[EventRounds "7"]
[EventCategory "1"]
[SourceDate "2011.01.02"]

1. e4 c5 2. Nf3 g6 3. Nc3 Bg7 4. Bc4 Nc6 5. d3 a6 6. a4 d6 7. h3 e6 8. O-O Nge7
9. Ba2 O-O 10. Ne2 b5 11. c3 b4 12. Bg5 h6 13. Be3 Kh7 14. Rc1 Bb7 15. Qd2 Rb8
16. Nh2 Qa5 17. f4 Bc8 18. g4 f5 19. Bb1 Qxa4 20. e5 dxe5 21. Bxc5 bxc3 22.
bxc3 Qa5 23. Qe3 Rb2 24. Rc2 Rxc2 25. Bxc2 Re8 26. Qf2 Nd5 27. d4 Nxc3 28. Nxc3
Qxc3 29. dxe5 Qxh3 30. Ba4 Bd7 31. Rd1 fxg4 32. Rxd7 g3 33. Qg2 gxh2+ 34. Kh1
Qc3 35. Bxc6 Qxc5 36. Kxh2 Re7 37. Rd3 Bf8 38. Be4 Rg7 39. Rg3 Qe7 40. Qh3 Rg8
41. Rb3 Kh8 42. Rb7 Qc5 43. Qh4 Qe3 44. Qf6+ Bg7 45. Qxg6 Qxf4+ 46. Kg2 Qg5+
47. Qxg5 hxg5 48. Re7 a5 49. Rxe6 Rb8 50. Kf3 Rf8+ 51. Kg3 a4 52. Bb1 a3 53.
Kg4 Rf1 54. Ba2 Rf2 55. Re8+ Bf8 56. Bd5 Kg7 57. Ra8 Rd2 58. Ra7+ Kh8 59. Be6
Rg2+ 60. Kf5 g4 61. Kg6 Rh2 62. Bxg4 Rg2 63. Kh5 Bc5 64. Ra5 a2 65. Be6 Bd4 66.
Bxa2 Bxe5 67. Bd5 Rb2 68. Ra7 Rb5 69. Rd7 Rb6 70. Kg5 Rd6 1/2-1/2

[Event "Hilton Open 2011"]
[Site "Basel"]
[Date "2011.01.03"]
[Round "4"]
[White "Meyer, Bernhard"]
[Black "Sommerhalder, Eric"]
[Result "1-0"]
[WhiteElo "2133"]
[BlackElo "2000"]
[PlyCount "63"]
[EventDate "2011.01.??"]
[EventType "swiss"]
[EventRounds "7"]
[EventCategory "1"]
[SourceDate "2011.01.02"]

1. g3 d5 2. Nf3 Nf6 3. Bg2 c6 4. O-O Bf5 5. b3 e6 6. Bb2 Nbd7 7. d3 Bd6 8. Nbd2
O-O 9. Qe1 e5 10. e4 Be6 11. exd5 Bxd5 12. Nc4 Bc7 13. Ne3 e4 14. Nxd5 cxd5 15.
dxe4 dxe4 16. Nd2 Re8 17. Nc4 Ne5 18. Rd1 Qc8 19. Qc3 Nxc4 20. Qxc4 Be5 21.
Qxc8 Raxc8 22. Bxe5 Rxe5 23. c4 Ne8 24. Rd7 Rc7 25. Rfd1 f5 26. Rxc7 Nxc7 27.
Rd7 Rc5 28. Bf1 b6 29. b4 Rc6 30. a4 g5 31. c5 f4 32. Rd6 1-0

[Event "Hilton Open 2011"]
[Site "Basel"]
[Date "2011.01.03"]
[Round "4"]
[White "Zozulia, Anna"]
[Black "Abbasov, Farid"]
[Result "0-1"]
[WhiteElo "2347"]
[BlackElo "2537"]
[PlyCount "54"]
[EventDate "2011.01.??"]
[EventType "swiss"]
[EventRounds "7"]
[EventCategory "1"]
[SourceDate "2011.01.02"]

1. e4 g6 2. d4 Bg7 3. Nc3 d6 4. Nf3 Nd7 5. Bc4 e6 6. O-O a6 7. a4 b6 8. Bg5 Ne7
9. Qd2 h6 10. Be3 Bb7 11. h3 Nf6 12. d5 e5 13. Nh2 g5 14. f3 Ng6 15. Rf2 Nh5
16. Bf1 Bc8 17. Ne2 a5 18. b4 Nhf4 19. Nc1 axb4 20. Qxb4 h5 21. Ne2 g4 22. g3
Nxe2+ 23. Rxe2 h4 24. fxg4 hxg3 25. Nf3 Bh6 26. Bxh6 Rxh6 27. Rg2 Rxh3 0-1

[Event "Hilton Open 2011"]
[Site "Basel"]
[Date "2011.01.03"]
[Round "4"]
[White "Heinis, Vincent"]
[Black "Wirz, Heinz"]
[Result "0-1"]
[WhiteElo "2097"]
[BlackElo "2131"]
[PlyCount "58"]
[EventDate "2011.01.??"]
[EventType "swiss"]
[EventRounds "7"]
[EventCategory "1"]
[SourceDate "2011.01.02"]

1. e4 e6 2. d4 d5 3. Nc3 Bb4 4. e5 c5 5. dxc5 Ne7 6. Nf3 Nbc6 7. Bd3 Ng6 8. Qe2
Qc7 9. O-O Bxc3 10. bxc3 Ngxe5 11. Bf4 Nxf3+ 12. Qxf3 Qa5 13. Bd6 Qxc3 14. Rab1
f5 15. g4 Qf6 16. gxf5 Nd4 17. Qh5+ g6 18. fxg6 hxg6 19. Qxg6+ Qxg6+ 20. Bxg6+
Kd7 21. Bg3 Kc6 22. Kg2 Rh6 23. Be8+ Kxc5 24. c3 Nc6 25. Bxc6 Kxc6 26. Be5 b6
27. f4 Ba6 28. Rf3 Bc4 29. Rb2 d4 0-1

[Event "Hilton Open 2011"]
[Site "Basel"]
[Date "2011.01.03"]
[Round "4"]
[White "Hamdouchi, Adina-Maria"]
[Black "Clausen, Martin"]
[Result "1-0"]
[WhiteElo "2293"]
[BlackElo "2082"]
[PlyCount "63"]
[EventDate "2011.01.??"]
[EventType "swiss"]
[EventRounds "7"]
[EventCategory "1"]
[SourceDate "2011.01.02"]

1. Nf3 c5 2. c4 Nc6 3. g3 g6 4. Bg2 Bg7 5. O-O Nf6 6. Nc3 d5 7. cxd5 Nxd5 8.
Qb3 Nxc3 9. dxc3 Qc7 10. e4 O-O 11. Bf4 e5 12. Be3 Be6 13. Qc2 b6 14. Ng5 Bc4
15. Rfd1 h6 16. b3 Ba6 17. Nf3 Rad8 18. h4 Ne7 19. h5 gxh5 20. Nh4 Bb7 21. Qe2
f5 22. Rxd8 Qxd8 23. Rd1 Qe8 24. Qc4+ Kh8 25. Qe6 Kh7 26. exf5 Bc8 27. Qc4 Bf6
28. Rd6 Bd7 29. Qd3 Bc8 30. Be4 Ng8 31. Ng6 Rf7 32. Bc6 1-0